| 000 | 00482nam a22001817a 4500 | ||
|---|---|---|---|
| 008 | 210423b ||||| |||| 00| 0 eng d | ||
| 020 | _a9781439082690 | ||
| 082 | _a070.4 BOW | ||
| 100 | _aBowles, Dorothy A. | ||
| 245 | _aCreative editing | ||
| 250 | _a6th ed. | ||
| 260 |
_aBoston : _bWadsworth, _c2010. |
||
| 300 |
_a xvi, 412 p. : _bill. ; _c28 cm. |
||
| 500 | _aIncludes index. | ||
| 650 | _a Journalism--Editing. Editing. | ||
| 700 | _aDiane L. Borden. | ||
| 942 | _2ddc | ||
| 999 |
_c8689 _d8690 |
||